O slovenských priezviskách. Priezviská podľa vlastností (2. časť)

Podrobná bibliografia
Hlavný autor: Majtán, Milan, 1934-2018 (Autor)
Médium: Článok
Jazyk:slovenčina
ISSN:0023-5202
Predmet:

MARC

LEADER 00000nab a2200000 a 4500
001 vtls008952586
003 SK-MaSNL
005 20260304140113.0
008 250505c2006 xo ||||||| |00 b|slo
015 |a SNBRB2007/03  |2 snkbucl 
035 |a (uuid)6d02b683-74aa-4d3b-a5c2-24d36cad79f7 
035 |a urn:nbn:sk:snk-ab1mzc 
035 |a (urnnbn)urn:nbn:sk:snk:ar-004kyz 
038 |a SNKBUCL 
040 |a SNKBUCL  |b slo  |c SNKBUCL  |e AACR2 
041 0 |a slo 
044 |a xo  |c SK 
080 |a 811.162.4`373.232  |2 1997 
080 |a 81`373.232:811.162.4  |2 1997 
100 1 |a Majtán, Milan,  |d 1934-2018  |4 aut  |9 101907 
245 1 0 |a O slovenských priezviskách. Priezviská podľa vlastností  |n (2. časť)  |c Milan Majtán 
650 0 7 |a slovenčina  |2 snkbucl  |9 1350 
650 0 7 |a priezviská podľa vlastností  |2 snkbucl  |9 90450 
650 0 7 |a priezviská  |2 snkbucl  |9 13343 
773 0 |t Kultúra slova  |g Roč. 40, č. 4 (2006), s. 216-221  |x 0023-5202 
850 |a Slovenská národná knižnica 
852 |a Slovenská národná knižnica 
954 |a odborná, vedecká literatúra pôvodná (slovenská)  |2 lita 
958 |a article27 
958 |a OND 
958 |a EUIPO 
999 |c 2913639  |d 2915569